Pojednanie o aktuálnom demografickom vývoji ako o globálnom probléme ľudstva

Aktuálny vývoj ľudskej civilizácie je na jednej strane veľmi dynamický a progresívny, ale na druhej strane aj veľmi nerovnomerný, nestabilný, stále ťažšie predvídateľný a zároveň ovplyvnený množstvom problémov, ktoré s prehlbujúcou sa globalizáciou v čoraz väčšom rozsahu ohrozujú jej rozvoj. V prípa...

Ausführliche Beschreibung

Gespeichert in:
Bibliographische Detailangaben
1. Verfasser: Ivančík, Radoslav
Format: Buchkapitel
Sprache:Slowakisch
Schlagworte:
Tags: Tag hinzufügen
Keine Tags, Fügen Sie das erste Tag hinzu!

MARC

LEADER 00000nla a2200000 4500
001 0196179
005 20240417075052.5
041 0 |a slo 
044 |a SK 
245 1 0 |a Pojednanie o aktuálnom demografickom vývoji ako o globálnom probléme ľudstva  |c Radoslav Ivančík 
520 |a Aktuálny vývoj ľudskej civilizácie je na jednej strane veľmi dynamický a progresívny, ale na druhej strane aj veľmi nerovnomerný, nestabilný, stále ťažšie predvídateľný a zároveň ovplyvnený množstvom problémov, ktoré s prehlbujúcou sa globalizáciou v čoraz väčšom rozsahu ohrozujú jej rozvoj. V prípade ich neriešenia či neprijímania potrebných opatrení môžu dokonca ohroziť celú jej existenciu. Vplyvom prudko sa rozvíjajúcich globalizačných procesov, intenzívnej liberalizácie, rastúcej vzájomnej previazanosti (ale aj závislosti), a pokračujúceho „zmenšovania vzdialeností“ a „zrýchľovania času“ postupne stále viac problémov presahuje národnú, regionálnu alebo kontinentálnu úroveň a negatívne vplýva na celú ľudskú populáciu. Stávajú sa tak globálnymi problémami ľudstva. Jeden z nich predstavuje aktuálny demografický vývoj ľudskej populácie. 
610 2 0 |a hospodárstvo svetové 
610 2 0 |a ukazovatele ekonomické 
610 2 0 |a globalizácia 
610 2 0 |a demografia 
610 2 0 |a vývoj populačný 
100 1 |a Ivančík, Radoslav